|
|
|
|
| LEADER |
00599 a2200169 4500 |
| 008 |
180214b xxu||||| |||| 00| 0 eng d |
| 999 |
|
|
|c 117055
|d 117055
|
| 020 |
|
|
|a 9788182673021
|
| 082 |
|
|
|a 851.614
|
| 100 |
|
|
|a Narayanan, Kalpetta
|
| 245 |
|
|
|a Karutha paal /
|c Kalpetta Narayanan
|
| 260 |
|
|
|b Mathrubhumi books,
|c 2017.
|a Kozhikode:
|
| 300 |
|
|
|a 104p.
|c 21cm.
|
| 650 |
|
|
|a Malayalam poetry
|
| 650 |
|
|
|a Narayanan, Kalpetta
|y ( 1952 - )
|
| 942 |
|
|
|2 ddc
|c BK
|
| 952 |
|
|
|0 0
|1 0
|4 0
|6 851_614000000000000_KAR_M
|7 0
|9 126178
|a UL
|b UL
|c ST1
|d 2017-12-31
|e 176
|g 67.00
|l 4
|o 851.614 KAR M
|p 98463
|r 2021-04-08
|s 2021-03-10
|v 100.00
|y BK
|